Elogio del bar: bares y poetas de Chile

Saved in:
Bibliographic Details
Main Author: Contreras, Gonzalo (Author)
Format: Book
Language:Spanish
Published: Santiago Etnika 2014
Edition:1a. ed
Subjects:
Tags: Add Tag
No Tags, Be the first to tag this record!

MARC

LEADER 00000cam a2200000 a 4500
001 UCC1109
003 CL-VaPUC
008 170929e20140000cl |||||||||||||||||spa|d
020 |a 9789569257001 
082 0 4 |a Ch861  |b CON  |2 21 
100 0 |a Contreras, Gonzalo  |e author  |9 595150 
245 1 0 |a Elogio del bar: bares y poetas de Chile 
250 |a 1a. ed 
300 |a 493 p 
942 |c BK 
945 |d 20170929 13:43:00  |a dcastane 
260 |a Santiago  |b Etnika  |c 2014 
650 0 |a Poesías chilenas   |9 265280 
650 0 |a Literatura chilena   |9 308278 
650 0 |a Poetas chilenos  |9 326722 
650 0 |a Antología poética  |9 504960 
583 |a last modification  |c 20170929 13:43:00  |k Rodrigo Vera 
999 |c 369689  |d 369687 
952 |0 0  |1 0  |3 erb  |4 0  |6 CH_861_000000000000000_CON_2014  |7 0  |8 A  |9 485630  |a BIBART  |b BIBART  |i 5426596  |o Ch861 CON 2014  |p 5426596  |r 2023-01-11  |w 2019-11-24  |y BK  |z Catalogado en:20170929  |k ART